Responses for Show #4177 - Tuesday, October 29, 2002

(Sarah: Hey, I think I see gorillas in the mist, coming up next on Jeopardy!)

Contestants

[<< previous game]

Todd Powers, a marketing and design associate from Philadelphia, Pennsylvania

Rebecca Goldman, a theatre teacher from Clearwater, Florida

Phillip Steele, a security officer from Los Angeles, California (whose 2-day cash winnings total $15,798)

[next game >>]

Jeopardy! Round responses

THE ANIMALS
PETER, PAUL & MARY
THE ROLLING STONES
EARTH, WIND & FIRE
THE COMMODORES
THE "B.G."s
    $200 1
crawfish/crayfish

Rebecca
    $200 3
Peter Benchley

Phillip
    $200 11
"Satisfaction"

Phillip
    $200 21
hurricanes

Phillip
    $200 26
(Rebecca: What are the Keys?)

Bahamas

PhillipRebecca
    $200 16
baby grand

Rebecca
    $400 2
(Rebecca: What is a Lhasa apso?)
(Todd: What is a shih tzu?)

the Pekingese

RebeccaTodd
Triple Stumper
    $400 4
Mary Shelley

Rebecca
    $400 12
The Ed Sullivan Show

Phillip
    $400 22
(Rebecca: What are cigarettes?)

candles

Rebecca
Triple Stumper
    $400 27
Horatio Hornblower

Triple Stumper
    $400 17
bar graph

Phillip
    $600 8
mackerels

Triple Stumper
    $600 5
Peter Straub

Triple Stumper
    $600 13
19th

Phillip
    $600 23
Chicago

Phillip
    $600 28
(Todd: What is the Victory?)

U.S.S. Constitution ("Old Ironsides")

Todd
Triple Stumper
    $600 18
big game

Phillip
    $800 9
Paleozoic

Todd
    $800 6
Paul Revere

Phillip
    $800 14
Altamont

Phillip
    $800 24
(Alex: We have less than a minute to go now.)

El Nino

Todd
    $800 29
Japan

Phillip
    $800 19
Benny Goodman

Todd
    $400 10
lowland gorillas

Todd
    $1000 7
Paul Theroux

Triple Stumper
    $1000 15
Muddy Waters

Triple Stumper
    $1000 25
Pangaea

Rebecca
    $1000 30
Stephen Decatur

Triple Stumper
    $1000 20
battle group

Todd

Scores at the first commercial break (after clue 15):

Phillip Rebecca Todd
$3,000 $200 $800

Scores at the end of the Jeopardy! Round:

Phillip Rebecca Todd
$5,800 $800 $2,800

Double Jeopardy! Round responses

AMERICAN LITERATURE
EDUCATION JARGON
STATE GOVERNMENT
HERE'S LUCY
CAPITAL PUNISHMENT
(Alex: We want you to name the country.)
BEFORE & AFTER
    $400 1
(Todd: Who is Tom Sawyer?)

Huckleberry Finn

RebeccaTodd
    $400 11
percentile

Rebecca
    $400 21
governor

Rebecca
    $400 6
Lucy Lawless

Rebecca
    $400 16
Romania

Phillip
    $400 24
(Alex: With a minute to go.)

Nancy Drew Carey

Phillip
    $800 2
A Farewell to Arms

Rebecca
    $800 12
Disabilities

Phillip
    $800 22
speaker of the house

Todd
    $800 7
Lucy Liu

Rebecca
    $800 17
Bolivia

Phillip
    $800 25
Sitting on the Dock of the Bay City Rollers

Rebecca
    $1,000 3
(Rebecca: What is The Grapes of Wrath?)

Cannery Row

Rebecca
    $1200 13
chalk talk/chalk and talk

Triple Stumper
    $1200 23
attorney general

Rebecca
    $1,200 8
(Rebecca: What is speech?)

dentistry

Rebecca
    $1200 18
Bangladesh

Todd
    $1200 26
Gone With the Wind in the Willows

Phillip
    $1600 4
"Studs"

Triple Stumper
    $1600 14
remedial

Phillip
    $1600 29
supervisors

Triple Stumper
    $1600 9
(Phillip: Who is Paul Simon?)
(Todd: Who is Neil Simon?)

Carly Simon

PhillipTodd
Triple Stumper
    $1600 19
Georgia

Todd
    $1600 27
Sgt. Pepper's Lonely Hearts Club Band of Brothers

Rebecca
    $2000 5
Wolf Larsen

Triple Stumper
    $2000 15
At Risk

Triple Stumper
    $2000 30
term limits

Triple Stumper
    $2000 10
"Lemonade Lucy" Hayes

Triple Stumper
    $2000 20
Angola

Todd
    $2000 28
(Todd: What is Starry Night of the Dead?)

Starry Night of the Living Dead

PhillipTodd

Scores at the end of the Double Jeopardy! Round:

Phillip Rebecca Todd
$11,400 $5,400 $4,400
(lock game)

[wagering suggestions for these scores]

Final Jeopardy! Round responses

NOTABLE NAMES
ToddWho is William the Conqueror
$4,300
RebeccaWho Henry VIII
$4,600
PhillipWho was William Hall
$600
William Shakespeare

Final scores:

Phillip Rebecca Todd
$10,800 $800 $100
3-day champion: $26,598 2nd place: $2,000 3rd place: $1,000

Game dynamics:

Coryat scores:

Phillip Rebecca Todd
$11,400 $7,600 $5,000
19 R,
1 W
13 R,
5 W
(including 2 DDs)
9 R
(including 1 DD),
5 W

Combined Coryat: $24,000

[game clues] [game scores] [suggest correction]

Game tape date: 2002-07-30
The J! Archive is created by fans, for fans. Scraping, republication, monetization, and malicious use prohibited; this site may use cookies and collect identifying information. See terms. The Jeopardy! game show and all elements thereof, including but not limited to copyright and trademark thereto, are the property of Jeopardy Productions, Inc. and are protected under law. This website is not affiliated with, sponsored by, or operated by Jeopardy Productions, Inc. Join the discussion at JBoard.tv.